000 00578nam a2200193Ia 4500
005 20250923150007.0
008 008 250917s9999 xx 000 0 eng d
037 _aTextual
040 _aDSWL
_beng
_cDSWL
041 _aeng
_2eng
084 _aY150aL:5x, N98
_qDSWL
245 0 _aWomen's Health, Public Policy and Community Action
_cEd. by Swapna Mukhopadhyay
260 _aNew Delhi
_b Manohar Pub. & Distributors
_c1998
300 _a192 p.
365 _aINR
_b330.00
925 _g330.00
942 _cTEXL
_hY150aL:5x, N98
999 _c1458261
_d1458261